Путешествие по Средней Азии из Тегерана через туркменскую пустыню по восточному берегу Каспийского моря в Хиву, Бухару и Самарканд, предпринятое в 1863 году с научною целью по поручению Венгерской Академии в Пеште, членом ее А. Вамбери

Detaylı Bibliyografya
Yazar: Вамбери А. (Г.) Арминий (Герман)
Dil:Rusça
Baskı/Yayın Bilgisi: Москва, Издание А. И. Мамонтова, 1867
Konular:
Materyal Türü: MixedMaterials Kitap
KOHA link:https://koha.lib.tpu.ru/cgi-bin/koha/opac-detail.pl?biblionumber=313492

MARC

LEADER 00000nam0a2200000 4500
001 313492
005 20231101014112.0
035 |a (RuTPU)RU\TPU\book\338876 
090 |a 313492 
100 |a 20160127d1867 m y0rusy50 ca 
101 0 |a rus 
102 |a RU 
105 |a f z 000zy 
200 1 |a Путешествие по Средней Азии из Тегерана через туркменскую пустыню по восточному берегу Каспийского моря в Хиву, Бухару и Самарканд, предпринятое в 1863 году с научною целью по поручению Венгерской Академии в Пеште, членом ее А. Вамбери  |f А. (Г.) Вамбери 
210 |a Москва  |c Издание А. И. Мамонтова  |d 1867 
215 |a [2], XI, [2], 369 с.  |c с 12 картинами и картою 
316 |5 63413507: 73//218  |a Во владельческом переплете: на корешке инициалы владельца "И. Т." Карта отсутствует. 
317 |5 63413507: 73//218  |a Поступила в НТБ в 1908 г. в составе книжного собрания профессора Горного института Г. Д. Романовского. 
515 0 |a Путешествие по Средней Азии в 1863 г. А. Вамбери 
610 1 |a история 
610 1 |a Средняя Азия 
610 1 |a владельческие знаки 
610 1 |a библиотека Г. Д. Романовского 
686 |a Т3(54)  |v LBC/SL-A  |2 rubbk 
700 1 |a Вамбери  |b А. (Г.)  |c венгерский востоковед  |c профессор Будапештского университета  |f 1832-1913  |g Арминий (Герман)  |2 stltpush  |3 (RuTPU)RU\TPU\pers\36089 
801 1 |a RU  |b 63413507  |c 20160127 
801 2 |a RU  |b 63413507  |c 20160127  |g RCR 
942 |c BK